| 000 | 00431nam a2200133Ia 4500 | ||
|---|---|---|---|
| 008 | 171207s9999 xx 000 0 und d | ||
| 100 | _aBrabham, Daren C. | ||
| 245 | _aHow crowdfunding discourse threatens public arts | ||
| 245 | _cDaren C Brabham | ||
| 260 | _c2017 | ||
| 300 | _apages 983-999, July 2017 | ||
| 440 |
_aNew Media & Society _v19:7 |
||
| 650 | _aArts funding, critical discourse analysis, crowdfunding, public arts | ||
| 999 |
_c347664 _d347664 |
||